Montgomery (Registro nro. 6877)
[ vista simple ]
| 000 -CABECERA | |
|---|---|
| campo de control de longitud fija | 00954nam a22002057a 4500 |
| 003 - IDENTIFICADOR DEL NÚMERO DE CONTROL | |
| campo de control | DO-SdBJH |
| 005 - FECHA Y HORA DE LA ÚLTIMA TRANSACCIÓN | |
| campo de control | 20220620153254.0 |
| 008 - DATOS DE LONGITUD FIJA--INFORMACIÓN GENERAL | |
| campo de control de longitud fija | 220620b ||||| |||| 00| 0 spa d |
| 020 ## - NÚMERO INTERNACIONAL ESTÁNDAR DEL LIBRO | |
| Número Internacional Estándar del Libro | 978-84-92400-23-2 |
| 040 ## - FUENTE DE LA CATALOGACIÓN | |
| Centro catalogador/agencia de origen | DO-SdBJH |
| Lengua de catalogación | spa |
| Centro/agencia transcriptor | DO-SdBJH |
| 082 ## - NÚMERO DE LA CLASIFICACIÓN DECIMAL DEWEY | |
| Número de clasificación | 920;941.092 |
| Número de documento/Ítem | M825m 2009 |
| 100 1# - ENTRADA PRINCIPAL--NOMBRE DE PERSONA | |
| Autor Personal | Moorehead, Alan |
| 245 10 - MENCIÓN DE TÍTULO | |
| Título | Montgomery |
| Mención de responsabilidad, etc. | Alan Moorehead |
| 260 ## - PUBLICACIÓN, DISTRIBUCIÓN, ETC. | |
| Lugar de publicación, distribución, etc. | Barcelona |
| Nombre del editor, distribuidor, etc. | Editora inédita |
| Fecha de publicación, distribución, etc. | 2009 |
| 300 ## - DESCRIPCIÓN FÍSICA | |
| Extensión | 358 páginas |
| Otras características físicas | iIustración |
| Dimensiones | 24cm |
| 490 ## - MENCIÓN DE SERIE | |
| Mención de serie | Historia inédita |
| 505 ## - NOTA DE CONTENIDO CON FORMATO | |
| Nota de contenido con formato | 1- 1066 en Falaise 2- El muchacho de la boina 3- El caballo probyn 4- D.S.O. en francia 5-De suiza a burnham-on-sea 6-El general loco 7-Llamadas desde whitehall 8-Cuarenta horas 9-El poderoso señor de las botellas 10-Hacias las puertas de Roma <br/> |
| 600 ## - PUNTO DE ACCESO ADICIONAL DE MATERIA--NOMBRE DE PERSONA | |
| Fuente del encabezamiento o término | Sears |
| Nombre de persona | Montgomery de Alamein, Bernard Law Montgomery, vizconde. |
| Fechas asociadas al nombre | Guerra Mundial II, 1939-1945 |
| Subdivisión geográfica | Gran Bretaña |
| 942 ## - ELEMENTOS DE PUNTO DE ACCESO ADICIONAL (KOHA) | |
| Fuente del sistema de clasificación o colocación | Dewey Decimal Classification |
| Tipo de ítem Koha | Libros |
| Estado de retiro | Estado de pérdida | Fuente del sistema de clasificación o colocación | Estado dañado | No para préstamo | Código de colección | Localización permanente | Ubicación/localización actual | Ubicación en estantería | Fecha de adquisición | Número de inventario | Total de préstamos | Signatura topográfica completa | Código de barras | Fecha visto por última vez | Número de copia | Precio válido a partir de | Tipo de ítem Koha |
|---|---|---|---|---|---|---|---|---|---|---|---|---|---|---|---|---|---|
| Dewey Decimal Classification | Colección General | SIBM UNADE - Biblioteca Escuela de Graduados de Estudios Militares, ERD | SIBM UNADE - Biblioteca Escuela de Graduados de Estudios Militares, ERD | En estantería | 06/20/2022 | 21-EERD-01774 | 920;941.092 M825m 2009 | 21-EERD-01774 | 06/20/2022 | Ej.1 | 06/20/2022 | Libros |
